Mobilné informačné systémy v cestovnom ruchu bakalárska práca

Gespeichert in:
Bibliographische Detailangaben
1. Verfasser: Held, Matej
Körperschaft: Obchodná fakulta EU. Katedra informatiky obchodných firiem
Weitere Verfasser: Mlynčár, Vladislav, 1962-
Format: Buch
Sprache:Slowakisch
Veröffentlicht: Bratislava 2012
Tags: Tag hinzufügen
Keine Tags, Fügen Sie das erste Tag hinzu!

MARC

LEADER 00000nbm a2200000 4500
001 0154502
005 20161109111849.0
041 0 |a slo 
044 |a SK 
245 1 0 |a Mobilné informačné systémy v cestovnom ruchu  |b bakalárska práca  |c Matej Held ; školiteľ: Vladislav Mlynčár 
264 1 |a Bratislava  |c 2012 
300 |a 89 s. 
100 1 |a Held, Matej 
700 1 |a Mlynčár, Vladislav, 1962- 
710 2 |a Obchodná fakulta EU. Katedra informatiky obchodných firiem